Gaming Quiz

Random Gaming or Mario Quiz
Score 0/30 Timer 05:00
2 Plays Today
Game Over [O] or Under [U] 5 million sold % Correct
The Legend of Zelda???
88.9%
Super Mario Kart???
86.3%
Halo 2???
84.3%
Super Smash Bros. Brawl ???
81.3%
Final Fantasy VIII???
78.2%
Wii Fit???
78.2%
GoldenEye 007???
76.2%
Shenmue???
74.6%
PaRappa the Rapper???
71%
Luigi's Mansion???
67.8%
Final Fantasy Tactics???
66.2%
Super Mario 3D Land???
65.6%
Sonic the Hedgehog 2???
64.7%
Project Gotham Racing???
63.4%
Uncharted 2: Among Thieves???
60.4%
Game Over [O] or Under [U] 5 million sold % Correct
Metal Gear Solid 2: Sons of Liberty???
60.3%
Gran Turismo 5???
60.2%
Donkey Kong Country???
56.6%
Mike Tyson's Punch-Out!!???
50.7%
Ratchet & Clank???
49.9%
Fable II???
49.4%
Crash Bandicoot???
46.9%
Metroid Prime???
44.9%
Banjo-Kazooie???
43.1%
Myst???
42.8%
Star Fox???
39.9%
Mega Man X???
39.5%
Mario Party???
32.8%
Age of Empires???
31.3%
The Legend of Zelda: Majora's Mask???
24.7%
Remove Ads.
Support Sporcle.
Get the best of Sporcle when you Go Orange. This ad-free experience offers more features, more stats, and more fun while also helping to support Sporcle. Thank you for becoming a member.

You're not logged in!

Compare scores with friends on all Sporcle quizzes.
OR
Log In

Show Comments

Extras

Top Quizzes Today


Score Distribution

Your Account Isn't Verified!

In order to create a playlist on Sporcle, you need to verify the email address you used during registration. Go to your Sporcle Settings to finish the process.

Report this User

Report this user for behavior that violates our Community Guidelines.

Details: